000 00253nam a2200097Ia 4500
001 1198296
005 20250827021842.0
008 250824s9999 xx 000 0 und d
245 0 _aSELİN VE CEMLE YOLCULUKLAR
_cBUKET UZUNER
260 _bEVEREST YAYINLARI
999 _c1198296
_d1198296